Statistics for 10 Highest All-Time Rebounding Leaders who have Passed Away

Click here to take the quiz!

General Stats

  • This quiz has been taken 2 times
  • The average score is 4 of 10

Answer Stats

ReboundsPlayer% Correct
21620Bill Russell
100%
23924Wilt Chamberlain
100%
16212Moses Malone
50%
12357Paul Silas
50%
13769Wes Unseld
50%
11054Bill Bridges
0%
11256Dolph Schayes
0%
11463Elgin Baylor
0%
14464Nate Thurmond
0%
14241Walt Bellamy
0%

Score Distribution

Percentile by Number Answered

Percent of People with Each Score

Your Score History

You have not taken this quiz